000
00260nam a22001217a 4500
008
170527b xxu||||| |||| 00| 0 eng d
041
_a
eng
080
_2
2ND
_a
62
100
_a
25
101
_a
IM
245
_a
THE ENGINEERS' MANUAL
_c
HUDSON
942
_2
udc
_c
BK
999
_c
14655
_d
14655